| 000 | 01187nmm a2200349 a 4500 | ||
|---|---|---|---|
| 001 | ocm0002347419 | ||
| 003 | TR-IsHL | ||
| 005 | 20201028185847.0 | ||
| 008 | 190518s2017 tu tur | ||
| 007 | cr cn | ||
| 020 | _a9786056694011 | ||
| 035 |
_a2347419 _b(N$T) |
||
| 050 | 0 | 4 |
_aB80.B39 _bÇ45 2017 |
| 090 | 0 | 4 |
_aB80.B39 _bÇ45 2017 |
| 100 | 1 | _aÇelik, Ahmet | |
| 245 | 1 | 0 |
_aArifler sultanı Bâyezîd-i Bistâmî _h[electronic resource] / _cAhmet Çelik ; editör Ahmet Çelik |
| 250 | _a1. Baskı | ||
| 260 |
_aİstanbul : _bVisal Yayınları, _c2017 |
||
| 300 | _a277 p. | ||
| 500 | _aKaynakça sayfa:273 | ||
| 650 | 4 | _aFelsefe, Psikoloji ve Din | |
| 650 | 4 | _aPhilosophy, Psychology and Religion | |
| 650 | 0 |
_aBayezid-i Bistami, 874 _x Biografi |
|
| 650 | 0 |
_aBayezid-i Bistami, 874 _x Biography |
|
| 650 | 0 |
_aMüslüman evliyalar _x Türkiye |
|
| 650 | 0 |
_aMuslim saints _x Turkey |
|
| 650 | 0 |
_aTasavvuf _x Türkiye - Tarih |
|
| 650 | 0 |
_aSufism _x Turkey _x History |
|
| 650 | 7 |
_aRELIGION / Islam / Sufi _2bisacsh |
|
| 700 | 1 | _aÇelik, Ahmet | |
| 856 | 4 | 0 | _uhttp://search.ebscohost.com/login.aspx?direct=true&scope=site&db=e011xww&AN=2347419 |
| 999 |
_c21656 _d21656 |
||